Guida pratica ai droni /

Droni, quadricotteri, veicoli aerei senza equipaggio in qualsiasi modo si chiamino gli aerei controllati a distanza sono entrati prepotentemente nella vita sociale odierna e i loro scopi sono molteplici civili, industriali, militari e, per chi comincia, anche solo "hobbystici". Per realizz...

Full description

Bibliographic Details
Main Authors: Kilby, Belinda (Author), Kilby, Terry (Author)
Corporate Author: Safari, an O'Reilly Media Company
Format: eBook
Language:Italian
Published: Tecniche Nuove, 2019.
Edition:1st edition.
Online Access:Connect to the full text of this electronic book

MARC

Tag First Indicator Second Indicator Subfields
LEADER 00000cam a2200000Ma 4500
001 in00004669521
006 m o d
007 cr cn|||||||||
008 110121s2019 xx go 0o0 0 ita d
005 20230425121757.6
035 |a (OCoLC)on1240164507 
040 |a TOH  |b eng  |c TOH  |d OCLCQ 
020 |a 8848131026 
020 |a 9788848131025 
024 8 |a 9788848131025 
035 |a (OCoLC)1240164507 
082 1 4 |a 629.133  |q OCoLC 
049 |a TXAM 
100 1 |a Kilby, Belinda,  |e author. 
245 1 0 |a Guida pratica ai droni /  |c Kilby, Belinda. 
250 |a 1st edition. 
264 1 |b Tecniche Nuove,  |c 2019. 
300 |a 1 online resource (184 pages) 
336 |a text  |b txt  |2 rdacontent 
337 |a computer  |b c  |2 rdamedia 
338 |a online resource  |b cr  |2 rdacarrier 
347 |a text file 
365 |b 18.99 
520 |a Droni, quadricotteri, veicoli aerei senza equipaggio in qualsiasi modo si chiamino gli aerei controllati a distanza sono entrati prepotentemente nella vita sociale odierna e i loro scopi sono molteplici civili, industriali, militari e, per chi comincia, anche solo "hobbystici". Per realizzarli e utilizzarli al meglio sono necessarie conoscenze che vanno dall'aerodinamica alla radiotelemetria, dall'elettronica alla programmazione, dalla lettura cartografica al funzionamento dei motori, dalla trasmissione video alla modellazione 3D. Questo libro vi fornirà tutte le competenze essenziali per cimentarvi nella robotica aerea, mostrando come costruire un quadricottero Little Dipper autonomo classe 300. Leggendo e seguendo passaggi e consigli imparerete come funzionano i quadricotteri e come risolvere alcune delle difficoltà di progettazione che si possono presentare. Gli autori illustrano anche opzioni alternative e altri componenti aggiuntivi che meglio si adattano alle vostre necessità. In Guida pratica ai droni imparerete » I principi di volo e come si applicano ai droni robotici » Quali tipi di strutture sono disponibili » Come assemblare un drone seguendo semplici istruzioni passo passo » Le basi della progettazione di un drone e come scegliere i componenti corretti » Come integrare sensori, controller e componenti personalizzati. 
542 |f © 2016 Tecniche Nuove  |g 2016 
550 |a Made available through: Safari, an O'Reilly Media Company. 
588 0 |a Online resource; Title from title page (viewed October 17, 2019). 
700 1 |a Kilby, Terry,  |e author. 
710 2 |a O'Reilly for Higher Education (Firm),  |e distributor. 
710 2 |a Safari, an O'Reilly Media Company. 
856 4 0 |u https://go.oreilly.com/TAMU/library/view/-/9788848131025/?ar  |z Connect to the full text of this electronic book  |t 0 
955 |a Safari/O'Reilly ebooks 
994 |a 92  |b TXA 
999 f f |s b29337ca-cc19-4ad5-9827-2de339d3d04d  |i c8e00c48-0583-4b6a-8875-6fa159fe4803  |t 0 
952 f f |a Texas A&M University  |b College Station  |c Electronic Resources  |s www_evans  |d Available Online  |t 0  |h Library of Congress classification 
998 f f |t 0  |l Available Online